000
00272nam a2200109Ia 4500
005
20251222114410.0
008
251222s1900||||xx |||||||||||||| ||spa||
082
_a
DVD0099/S79
245
0
_a
Roma a través de sus fuentes
264
_b
Documentaristica Culturale
942
_c
DVD
999
_c
1998
_d
1998